[Event "WWRR Tienkampen 2020"]
[Site "Wachtebeke"]
[Date "2020.02.22"]
[Round "2.5"]
[White "Soubirou, Oriane"]
[Black "Bishoen, Bob"]
[Result "1/2-1/2"]
[WhiteElo "2142"]
[BlackElo "1965"]
[Annotator "TA"]
[PlyCount "41"]
[EventDate "2020.02.22"]
[EventType "swiss"]
[EventCountry "BEL"]
[SourceTitle "playchess.com"]
[Source "ChessBase"]
[SourceQuality "1"]

{[%evp 10,41,56,46,40,51,47,31,39,41,56,63,68,57,48,36,65,59,57,42,50,46,54,12,64,58,63,6,13,11,1,-15,-7,-10]} 1. e4 g6 2. d4 Bg7 3. Nf3 d6 4. Bc4 e6 5. Bb3 Ne7 6. O-O O-O {B06: Modern Defence.} 7. Re1 Nd7 8. Nbd2 {[%cal Bb1d2,Bd2f1,Bf1g3][%mdl 32]} e5 {White is slightly better.} 9. c3 h6 10. Nf1 Kh7 {[#]} 11. h4 $146 ({Predecessor:} 11. Ng3 Nc6 12. Be3 Qe8 13. h3 a6 14. Nh2 Na5 15. Bc2 Nc4 16. Bc1 exd4 17. b3 {1-0 (40) Nielsen,R (2338)-Hamitevici,V (2519) Heraklion 2017}) 11... Nc6 12. Ng3 Qe8 13. h5 Nf6 14. Nh2 Nxh5 15. Nxh5 gxh5 16. Qxh5 f5 (16... exd4 $11 17. Ng4 Bxg4 18. Qxg4 Qe5) 17. Qxe8 $14 Rxe8 18. exf5 (18. dxe5 $1 $14 dxe5 19. exf5) 18... Bxf5 $11 {The position is equal.} 19. d5 Ne7 20. Be3 Rg8 21. Rad1 {Accuracy: White = 85%, Black = 84%.} 1/2-1/2

[Event "WWRR Tienkampen 2020"]
[Site "Wachtebeke"]
[Date "2020.02.23"]
[Round "3.1"]
[White "Bishoen, Bob"]
[Black "Roels, Frederik"]
[Result "1-0"]
[WhiteElo "1965"]
[BlackElo "1935"]
[Annotator "TA"]
[PlyCount "81"]
[EventDate "2020.02.22"]
[EventType "swiss"]
[EventCountry "BEL"]
[SourceTitle "playchess.com"]
[Source "ChessBase"]
[SourceQuality "1"]

{[%evp 16,81,20,18,37,0,37,14,36,35,130,137,166,157,160,147,173,170,208,202,229,231,231,212,246,213,269,264,262,255,262,263,270,277,277,267,361,0,270,231,228,223,232,218,233,163,162,163,162,150,155,134,200,200,945,0,0,0,0,0,921,920,1753,641,649,650,29983,29984]} 1. Nf3 d5 2. c4 e6 3. g3 c5 4. Bg2 Nf6 5. O-O Be7 6. e3 O-O 7. Nc3 Nc6 8. cxd5 exd5 9. d4 Ne4 {D34: Tarrasch Defence: 6 g3 Nf6 7 Bg2 Be7.} 10. Ne2 c4 11. Nd2 f5 {[#] The position is equal.} 12. b3 $146 ({Predecessor:} 12. f3 Nf6 13. a3 b5 14. Nc3 Qb6 15. b3 f4 16. gxf4 Nxd4 17. Nxc4 dxc4 18. Qxd4 Qxd4 19. exd4 cxb3 {0-1 (32) Solovchuk,M (2088)-Vilchenko,M (2235) Vladivostok 2006}) 12... Be6 ({Black should play} 12... cxb3 $14 13. Qxb3 Na5) 13. bxc4 $16 {Black must now prevent Nf4.} Nxd2 14. Qxd2 {And now Nf4 would win.} Bf7 15. c5 Qd7 16. a4 {[%cal Ba2a4,Ba4a5][%mdl 32]} Bg5 17. Rb1 Bh6 18. Qb2 Rab8 19. Bd2 g5 20. f4 g4 21. a5 a6 22. Qa2 Rfd8 23. Rb6 Rbc8 24. Rfb1 Rc7 25. Qb3 Rb8 26. Qa2 $2 (26. Nc3 $18) 26... Bg7 $2 {[%mdl 8192]} (26... Rd8 $1 $11 {and Black is okay.} 27. Nc1 Bg7) 27. Bf1 h5 28. Kf2 Re8 29. Qb3 {[%cal Rb6b7]} Re7 30. Qd3 h4 31. Bg2 Bf6 32. Nc1 {[%cal Be2c1,Bc1d3,Bd3f2][%mdl 32]} Kg7 33. Qc3 Qe8 (33... h3 $16) 34. Nd3 $18 Nxd4 $2 (34... Be6 35. gxh4 Bxh4+ 36. Kg1 Qh5) 35. exd4 $2 ({Only move:} 35. Rxf6 $18 Nb5 {[#]} 36. Rxb5 $1 {[%mdl 512]} axb5 37. Rxf5+ Kh7 38. Rg5) 35... Re2+ $11 36. Kg1 Rxg2+ $1 {[%mdl 64] [#] Remove Defender} 37. Kxg2 Qe2+ $2 {[%mdl 8192]} (37... Qe4+ $11 38. Kf1 (38. Kg1 $2 h3 $19) 38... Qh1+ 39. Ke2 Qf3+ {[%mdl 64] Double Attack} 40. Ke1 Qh1+ 41. Ke2 Qf3+ {[%mdl 64] Double Attack} 42. Ke1 Qh1+ 43. Ke2) 38. Nf2 $18 Rxc5 39. Qe3 h3+ 40. Kg1 Qc4 41. Rxf6 {Accuracy: White = 72%, Black = 51%.} 1-0

[Event "WWRR Tienkampen 2020"]
[Site "Wachtebeke"]
[Date "2020.02.23"]
[Round "3.2"]
[White "Verduyn, Frederic"]
[Black "Soubirou, Oriane"]
[Result "1-0"]
[WhiteElo "2096"]
[BlackElo "2142"]
[Annotator "TA"]
[PlyCount "79"]
[EventDate "2020.02.22"]
[EventType "swiss"]
[EventCountry "BEL"]
[SourceTitle "playchess.com"]
[Source "ChessBase"]
[SourceQuality "1"]

{[%evp 10,79,25,-1,32,7,0,14,41,30,28,25,72,103,149,141,155,150,150,147,152,121,125,114,252,260,215,193,211,147,210,183,139,89,123,66,244,225,823,793,1209,1194,1194,1179,1315,1295,1333,1302,1267,1181,1353,1292,1519,1517,1638,1602,1583,1567,5714,3264,29987,29985,29989,29990,29989,29988,29991,2562,29987,1895,29992,29993]} 1. e4 e6 2. d4 d5 3. e5 c5 4. c3 Nc6 5. Nf3 Bd7 6. a3 Qc7 {C02: French: Advance Variation.} 7. Be2 f6 {[%cal Rf6e5]} 8. Bf4 c4 {The position is equal.} 9. O-O {[#]} Qb6 $146 ({Predecessor:} 9... O-O-O 10. b4 h6 11. a4 g5 12. Be3 f5 13. a5 a6 14. Na3 f4 15. Bd2 Nge7 {0-1 (42) Torboust,R (1870)-Barsov,A (2465) Metz 1996}) 10. Qc2 Be7 11. Nbd2 $36 {[%mdl 2048] White has strong initiative.} f5 12. b3 cxb3 13. Nxb3 Na5 14. Nxa5 Qxa5 15. Rab1 Qc7 16. Qb3 b6 (16... Bc6 $16 17. Bb5 Qd7) 17. c4 $18 Bc6 18. Rfc1 {Black must now prevent cxd5.} Qd7 19. Qe3 {And now cxd5 would win.} Kf8 20. cxd5 Bxd5 21. Bc4 h6 22. h4 ({Better is} 22. Bxd5 $16 Qxd5 23. Qd3) 22... Be4 $2 (22... Bd8 $14) 23. Qb3 Bxb1 $2 (23... Kf7 24. h5 Bd8) 24. Bxe6 Qd8 25. Qxb1 g6 {[#]} 26. h5 $1 {[%mdl 512]} Bxa3 (26... gxh5 27. Qxf5+) 27. hxg6 Kg7 28. Rc3 Qe7 29. Bxf5 Rf8 30. g4 Bb4 31. Rc4 a5 32. d5 b5 33. Rc6 Qb7 34. Nd4 {[%cal Rd4e6]} Re8 {[#]} 35. Bc8 $1 {[%mdl 512]} Qxc6 (35... Rxc8 36. Ne6#) 36. dxc6 Ne7 37. Bf5 Nd5 38. Bg3 (38. Qb3 $142 h5 39. Qxd5 Re7 40. Ne6+ Rxe6 {[%mdl 64] Remove Defender} 41. Qxe6 Rf8 42. Qd7+ Be7 43. Qxe7+ Rf7 44. gxf7 hxg4 45. f8=Q#) 38... h5 39. Ne6+ (39. Bd7 $142 Rhf8 40. Bxe8 Ne7 41. Ne6+ Kg8 42. Nxf8 Kg7 43. Qb3 Nd5 44. Qxd5 Kh6 45. Bf4+ Kg7 46. Qf7+ Kh8 47. Qh7#) 39... Kg8 40. Qb3 {Accuracy: White = 79%, Black = 39%.} 1-0

[Event "WWRR Tienkampen 2020"]
[Site "Wachtebeke"]
[Date "2020.02.23"]
[Round "3.3"]
[White "Van Foreest, Machteld"]
[Black "Achtergaele, Koen"]
[Result "1/2-1/2"]
[WhiteElo "2075"]
[BlackElo "2071"]
[Annotator "TA"]
[PlyCount "118"]
[EventDate "2020.02.22"]
[EventType "swiss"]
[EventCountry "BEL"]
[SourceTitle "playchess.com"]
[Source "ChessBase"]
[SourceQuality "1"]

{[%evp 9,118,5,11,10,9,3,25,2,21,0,0,0,6,0,0,0,0,0,0,0,0,0,0,10,6,0,10,0,25,25,34,22,18,19,21,24,31,30,32,0,63,63,70,60,66,55,50,25,33,0,0,0,0,0,0,0,0,0,0,0,0,0,0,-14,0,-8,0,0,0,0,0,0,0,-8,-8,-8,-8,-8,-8,-16,-8,-103,-8,-8,-14,-105,-98,-29964,-29967,-29962,0,0,0,0,0,0,0,0,0,0,0,0,0,0,0,0,0,0,0,0,0]} 1. e4 e6 2. d4 d5 3. Nd2 c5 4. exd5 Qxd5 5. dxc5 Nf6 6. Ngf3 {C07: French Tarrasch: 3...c5, 4 Ngf3 and 4 exd5 Qxd5.} Qxc5 7. Bd3 Nbd7 8. Qe2 {White has an edge.} Qc7 9. O-O Nc5 10. Bc4 Bd6 {[#]} 11. Bb5+ $146 ({Predecessor:} 11. b3 a6 12. a4 b6 13. Bb2 Bb7 14. Rfd1 O-O 15. Bxf6 gxf6 16. Qe3 Bf4 17. Qc3 {0-1 (28) Zherebukh,Y (2605)-Akobian,V (2645) Saint Louis 2017}) 11... Bd7 12. Bxd7+ Ncxd7 13. Nc4 Bc5 14. Be3 O-O 15. Rad1 Bxe3 16. Nxe3 Rac8 17. Rd2 Nb6 18. Nd4 Nbd5 19. Nxd5 exd5 20. f3 Rfe8 21. Qf2 Qa5 22. a3 Qb6 23. c3 a6 24. Qg3 Qc7 (24... Re3 $11) 25. Qxc7 $14 Rxc7 26. Kf2 Kf8 27. Rfd1 Nd7 28. Nf5 Nb6 $1 29. Ne3 Rce7 30. Rd3 Nc4 31. Nxc4 $1 Re2+ 32. Kf1 dxc4 33. R3d2 Rxd2 34. Rxd2 $11 {[%mdl 4096] Endgame KR-KR} Re6 35. Kf2 Ke7 36. f4 Rh6 37. h3 Rd6 38. Rxd6 Kxd6 {KP-KP} 39. g4 Kd5 {And now ...Ke4 would win.} 40. Ke3 f6 41. h4 g6 42. Kf3 f5 43. gxf5 gxf5 44. Ke3 Kc5 45. a4 (45. h5 $1 $11 {was the only way to keep the balance.}) 45... b6 (45... h5 $17) 46. h5 h6 47. Kd2 (47. Kf2 $11 {remains equal.}) 47... b5 $17 48. Ke2 $2 {[%mdl 8192] [#]} (48. axb5 $17 Kxb5 49. Ke3) 48... bxa4 49. Kd2 a5 $2 (49... Kb5 {mates} 50. Kc1 Kc5 51. Kd2 Kd6 52. Ke3 a3 53. bxa3 Kc5 54. Kd2 Kd5 55. Ke3 Kc5 56. Kd2 Kc6 57. Ke3 Kd5 58. a4 Kc5 59. Kf3 Kd6 60. Kf2 Kd5 61. Ke3 a5 62. Kf3 Kd6 63. Ke3 Kc5 64. Kf2 Kd6 65. Ke3 Kd5 66. Kf3 Ke6 67. Ke3 Kd5) 50. Ke3 $11 {The position is equal.} Kd5 51. Kf3 Kc6 52. Ke3 Kc5 53. Kd2 $1 Kb5 {( -> ...a3!)} 54. Kc2 {[#]} a3 $1 {[%mdl 512]} 55. bxa3 Ka4 (55... Kc5 $5 56. Kd2 $8 Kc6 $11) 56. Kb2 Kb5 57. Kc2 Kc6 (57... Ka4 $5 58. Kb2 $8 Kb5 59. Kc2 $11) 58. Kd2 Kc5 59. a4 Kd5 {Accuracy: White = 79%, Black = 90%.} 1/2-1/2

[Event "WWRR Tienkampen 2020"]
[Site "Wachtebeke"]
[Date "2020.02.23"]
[Round "3.4"]
[White "Barzeele, Raf"]
[Black "Vandendriessche, Jan"]
[Result "1/2-1/2"]
[WhiteElo "1954"]
[BlackElo "2067"]
[Annotator "TA"]
[PlyCount "55"]
[EventDate "2020.02.22"]
[EventType "swiss"]
[EventCountry "BEL"]
[SourceTitle "playchess.com"]
[Source "ChessBase"]
[SourceQuality "1"]

{[%evp 17,55,4,32,12,31,29,25,28,40,35,42,31,36,21,13,-54,-41,-33,-37,-60,-17,-19,-13,-14,0,0,254,222,289,247,504,502,490,498,850,822,828,828,719,260]} 1. c4 g6 2. Nc3 Bg7 3. g3 Nf6 4. Bg2 O-O 5. Nf3 d6 6. O-O e5 7. d3 a5 8. a3 {[%cal Ba2a3,Ba3b4][%mdl 32]} Nbd7 9. Rb1 Nc5 10. b4 {A24: English Opening vs King's Indian: Lines without ...Nc6.} axb4 11. axb4 Ne6 12. Bb2 {White has an edge.} Nh5 {[#]} 13. Qc2 $146 ({Predecessor:} 13. Ra1 Rxa1 14. Qxa1 f5 15. b5 g5 16. Nd2 g4 17. Qa8 b6 18. Bb7 Bxb7 19. Qxb7 {½-½ (29) Valdes Romero,L (2444)-Gonzalez Fuente,C (2269) Barbera del Valles 2013}) 13... f5 14. Ra1 Rb8 15. Ra7 g5 16. Na4 (16. Nd2 $11) 16... g4 $15 17. Nd2 f4 18. Re1 Ng5 {aiming for ...Qf6.} 19. Nc3 c6 20. Nce4 fxg3 21. hxg3 Nxg3 $2 {[%mdl 8192]} (21... Nh3+ $1 $11 {and Black stays safe.} 22. Bxh3 gxh3) 22. fxg3 $18 Nxe4 23. Nxe4 Bh6 $2 ({Reject} 23... Qb6+ 24. c5 $18) (23... h5 {was worth a try.} 24. d4 d5 25. cxd5 cxd5) 24. Bc1 {White is clearly winning.} Bxc1 25. Qxc1 ({Less strong is} 25. Rxc1 Qb6+ 26. c5 Qxa7 $14) 25... Qb6+ (25... Bf5 $142 26. Qe3 Bxe4 27. Bxe4 Kh8) 26. c5 Qxa7 {[#]} 27. Qg5+ $1 Kh8 {[#]} 28. Nxd6 $2 {[%mdl 32768] Accuracy: White = 88%, Black = 60%. . An unexpected result.} (28. Qe7 $1 {[%cal Re7f8][%mdl 512]} Be6 29. Nxd6) 1/2-1/2

[Event "WWRR Tienkampen 2020"]
[Site "Wachtebeke"]
[Date "2020.02.23"]
[Round "3.5"]
[White "Hamblok, Roel"]
[Black "Woolacott, Samuel"]
[Result "1-0"]
[WhiteElo "2238"]
[BlackElo "1947"]
[Annotator "TA"]
[PlyCount "45"]
[EventDate "2020.02.22"]
[EventType "swiss"]
[EventCountry "BEL"]
[SourceTitle "playchess.com"]
[Source "ChessBase"]
[SourceQuality "1"]

{[%evp 20,45,41,50,66,70,72,54,81,75,77,74,81,81,91,72,69,70,94,97,93,80,236,216,263,223,327,324]} 1. d4 e6 2. Nf3 Nf6 3. g3 d5 4. Bg2 Be7 5. O-O O-O 6. c4 c6 7. Nbd2 Nbd7 8. Qc2 Re8 9. e4 dxe4 10. Nxe4 Nxe4 11. Qxe4 Bd6 {E09: Closed Catalan: Main Line: 7 Qc2 c6 8 Nbd2.} 12. Rd1 Qe7 13. Bf4 {[#]} Nf6 $146 {White is slightly better.} ({Predecessor:} 13... Bxf4 14. Qxf4 Qf6 15. Qe3 Qe7 16. Rd2 Nb6 17. Qb3 Qc7 18. a4 a5 19. Qc3 Bd7 {1-0 (79) Veinberg,N (2370)-Magen,D (2161) Israel 2018}) 14. Qe3 Bxf4 15. Qxf4 Bd7 16. Ne5 Red8 17. c5 Nd5 18. Qd2 b5 19. a4 a6 20. Qa5 Rdc8 $2 {[#]} (20... Be8 $16) 21. axb5 $18 cxb5 22. Re1 {c6! is the strong threat.} Qd8 (22... Qe8 $142 23. Bxd5 exd5) 23. Bxd5 {Accuracy: White = 100%, Black = 67%.} 1-0

[Event "WWRR Tienkampen 2020"]
[Site "Wachtebeke"]
[Date "2020.02.24"]
[Round "4.1"]
[White "Roels, Frederik"]
[Black "Woolacott, Samuel"]
[Result "1-0"]
[WhiteElo "1935"]
[BlackElo "1947"]
[Annotator "TA"]
[PlyCount "59"]
[EventDate "2020.02.22"]
[EventType "swiss"]
[EventCountry "BEL"]
[SourceTitle "playchess.com"]
[Source "ChessBase"]
[SourceQuality "1"]

{[%evp 31,39,51,39,37,51,46,53,55,112,117]} 1. d4 Nf6 2. c4 e6 3. Nf3 d5 4. cxd5 exd5 5. Nc3 Be7 6. Bg5 Nbd7 {[%cal Bb8d7,Bd7f8,Bf8e6][%mdl 32]} 7. e3 c6 8. Bd3 O-O 9. Qc2 Re8 10. O-O Nf8 11. Rab1 g6 12. b4 a6 13. a4 Ne6 14. Bh4 Ng7 15. b5 axb5 16. axb5 Bf5 17. bxc6 {D36: Queen's Gambit Declined: Exchange Variation: Main line (5 Bg5 c6 6 Qc2).} bxc6 18. Ne5 Bxd3 19. Qxd3 Qc7 (19... Qd6 $14) 20. Rfc1 {[#] Black did not feel at home in the position after the opening.} {Predecessor:} Qd6 $146 21. Ne2 Rec8 22. Bg3 Qa3 23. Qxa3 Bxa3 24. Rxc6 Rxc6 25. Nxc6 Rc8 26. Rb8 Rxb8 27. Bxb8 Ne6 28. Nc3 Bb2 29. Ne7+ Kf8 30. Nexd5 {1-0 (30) Croad,N (2278)-Kumar,M (1962) Auckland 2017} 1-0

[Event "WWRR Tienkampen 2020"]
[Site "Wachtebeke"]
[Date "2020.02.24"]
[Round "4.2"]
[White "Vandendriessche, Jan"]
[Black "Hamblok, Roel"]
[Result "1-0"]
[WhiteElo "2067"]
[BlackElo "2238"]
[Annotator "TA"]
[PlyCount "85"]
[EventDate "2020.02.22"]
[EventType "swiss"]
[EventCountry "BEL"]
[SourceTitle "playchess.com"]
[Source "ChessBase"]
[SourceQuality "1"]

{[%evp 16,84,-1,0,5,0,-8,-15,0,-31,0,0,7,0,43,51,93,90,79,79,78,64,124,108,125,47,49,39,105,119,178,160,304,315,306,296,364,356,365,367,420,417,467,381,835,837,779,460,1008,1002,1018,1035,1025,1009,29986,29987,29987,29988,29988,29989,29989,29987,29987,29988,29990,29991,29997,29998,29998,29999,29999]} 1. Nf3 d5 2. g3 g6 3. Bg2 Bg7 4. O-O e5 5. d3 Ne7 6. Nbd2 {[%cal Bb1d2,Bd2e4,Be4c5][%mdl 32]} O-O 7. e4 Nbc6 8. exd5 Nxd5 9. Re1 Nb6 {A07: Réti Opening: New York and Capablanca Systems.} 10. Ne4 h6 11. Be3 {[#]} f5 $146 {The position is equal.} ({Predecessor:} 11... Nd5 12. Bd2 Re8 13. Qc1 f5 14. Nc3 Nxc3 15. Bxc3 Qd6 16. Nd2 Be6 17. Bxc6 bxc6 {½-½ (76) Golubov,S (2481)-Moskalenko,A (2490) Moscow 2016}) 12. Nc5 Qd6 13. c3 Kh7 14. Nb3 {Black should prevent Bc5.} Rd8 15. d4 $1 f4 16. Bd2 fxg3 17. hxg3 exd4 18. Bf4 Qf6 (18... Qf8 $14 19. Nbxd4 (19. Nfxd4 Nxd4 20. cxd4 c6 $14) 19... Nxd4 20. cxd4 Bg4) 19. Bxc7 $16 Rf8 20. Bxb6 ({Much worse is} 20. cxd4 $6 Bg4 $11) (20. Nbxd4 $16 Nxd4 21. Qxd4 (21. cxd4 Bg4 $16)) 20... axb6 $14 21. Nbxd4 Bg4 {White leaves nothing to chance now.} ({Better is} 21... Nxd4 $14 22. cxd4 Bg4) 22. Qc2 Rac8 (22... Rae8 $16 {keeps fighting.} 23. Rxe8 Rxe8) 23. Re4 $18 Bf5 (23... Nxd4 $16 24. Nxd4 Qg5) 24. Nxf5 gxf5 25. Rf4 Kh8 26. Nh4 {[%cal Rf4f5]} Ne7 27. Re1 {[#] Hoping for Rxe7!} ({Don't do} 27. Bxb7 Rc5 $18) 27... Rc7 28. Bh3 Qg5 29. Re6 Nd5 $2 (29... Rc6) 30. Rxf5 Rxf5 31. Qxf5 Qd8 (31... Qxf5 $142 32. Nxf5 b5 33. Re8+ Kh7) 32. Qg6 {[#] White threatens Re8+ and mate.} Nf6 33. Nf5 Qd1+ 34. Kh2 Qf3 35. Rxf6 {White mates.} Qxf2+ 36. Bg2 Bxf6 37. Qxf6+ Kh7 38. Qxh6+ Kg8 39. Qg5+ Kh7 40. Kh3 b5 41. Qh6+ Kg8 42. Bd5+ Rf7 43. Qg7# {[%mdl 64] Pin. Accuracy: White = 82%, Black = 33%.} 1-0

[Event "WWRR Tienkampen 2020"]
[Site "Wachtebeke"]
[Date "2020.02.24"]
[Round "4.3"]
[White "Achtergaele, Koen"]
[Black "Barzeele, Raf"]
[Result "1-0"]
[WhiteElo "2071"]
[BlackElo "1954"]
[Annotator "TA"]
[PlyCount "49"]
[EventDate "2020.02.22"]
[EventType "swiss"]
[EventCountry "BEL"]
[SourceTitle "playchess.com"]
[Source "ChessBase"]
[SourceQuality "1"]

{[%evp 9,49,23,29,19,27,8,39,37,70,0,74,0,8,11,13,14,82,82,70,70,60,73,83,43,247,164,514,489,440,389,376,282,386,261,319,254,333,331,325,337,335,327]} 1. e3 d5 2. c4 Nf6 3. Nf3 g6 4. cxd5 Nxd5 5. d4 Bg7 6. e4 {A10: English Opening: Unusual Replies for Black.} Nb6 7. a4 {[%cal Ba2a4,Ba4a5][%mdl 32]} Bg4 8. a5 {White is slightly better.} N6d7 {[#]} 9. Bc4 $146 (9. Be2 $14) ({Predecessor:} 9. Nc3 O-O 10. Be3 c5 11. dxc5 Nc6 12. Be2 Nxa5 13. Qa4 Nc6 14. O-O e6 15. Rac1 {½-½ (42) Tikkanen,H (2515)-Hammer,J (2620) Stockholm 2017}) 9... Bxf3 (9... O-O $11) 10. gxf3 ({White should try} 10. Qxf3 $16 {[%csl Gc4][%cal Rf3f7]} O-O 11. e5) 10... e6 $11 11. Nc3 $36 {[%mdl 2048] White is pushing.} Nc6 12. Be3 e5 {[#]} (12... O-O $11 {keeps the balance.}) 13. d5 $1 $16 {[%cal Rd5c6]} Nd4 14. Nb5 Nxb5 15. Bxb5 a6 16. Ba4 Qe7 $2 {This costs Black the game.} (16... O-O $14) 17. Qc2 Qb4+ $2 (17... Qd8 {is a better chance.} 18. Rc1 b5) 18. Ke2 $18 Qd6 19. Bc5 Qf6 20. Rhd1 {[#] Black must now prevent Bxd7+.} Qd8 21. Ra3 Bf8 {White has a decisive advantage.} 22. Rc3 {Strongly threatening Bxf8.} Rc8 23. Bb6 Bd6 {intending ...0-0.} 24. Rc1 {[%cal Rb6c7]} O-O 25. Bxc7 {Accuracy: White = 58%, Black = 33%.} 1-0

[Event "WWRR Tienkampen 2020"]
[Site "Wachtebeke"]
[Date "2020.02.24"]
[Round "4.4"]
[White "Soubirou, Oriane"]
[Black "Van Foreest, Machteld"]
[Result "1/2-1/2"]
[WhiteElo "2142"]
[BlackElo "2075"]
[Annotator "TA"]
[PlyCount "37"]
[EventDate "2020.02.22"]
[EventType "swiss"]
[EventCountry "BEL"]
[SourceTitle "playchess.com"]
[Source "ChessBase"]
[SourceQuality "1"]

{[%evp 17,37,-7,0,0,25,14,46,0,22,-8,37,0,0,-27,0,0,0,-23,0,0,0,-48]} 1. Nf3 Nf6 2. g3 d5 3. Bg2 e6 4. O-O Be7 5. d3 O-O 6. Nbd2 c5 7. e4 Nc6 8. Re1 b5 9. exd5 exd5 10. a4 {C00: French: Unusual White 2nd moves.} bxa4 11. Rxa4 {[#]} Bg4 $146 ({Predecessor:} 11... Bd7 12. Ra1 h6 13. b3 Be6 14. Bb2 Nd7 15. Rxe6 fxe6 16. Qe2 e5 17. Ng5 Nf6 {1-0 (40) Malakhov,V (2689)-Xu,Y (2522) China 2018}) 12. h3 {White is slightly better.} Be6 13. Nf1 Qd7 14. Rh4 h6 15. g4 (15. Bxh6 $5 gxh6 16. Rxh6 $15) 15... Nh7 16. Rh5 Nf6 17. Rh4 Nh7 18. Rh5 Nf6 19. Rh4 {An uneventful encounter. Accuracy: White = 66%, Black = 63%.} 1/2-1/2

[Event "WWRR Tienkampen 2020"]
[Site "Wachtebeke"]
[Date "2020.02.24"]
[Round "4.5"]
[White "Bishoen, Bob"]
[Black "Verduyn, Frederic"]
[Result "1/2-1/2"]
[WhiteElo "1965"]
[BlackElo "2096"]
[Annotator "TA"]
[PlyCount "31"]
[EventDate "2020.02.22"]
[EventType "swiss"]
[EventCountry "BEL"]
[SourceTitle "playchess.com"]
[Source "ChessBase"]
[SourceQuality "1"]

{[%evp 9,31,43,50,60,55,33,48,36,47,-39,-44,-47,-43,-43,-52,-63,44,0,0,15,102,41,59,8]} 1. Nf3 d6 2. d4 Bg4 3. c4 Nd7 4. Nc3 g6 5. e4 Bxf3 6. Qxf3 {A41: 1 d4 d6: Tartakower System and Modern Defence.} Bg7 7. Be3 c5 {[#]} 8. O-O-O $146 ({Predecessor:} 8. Qd1 cxd4 9. Bxd4 Bxd4 10. Qxd4 Ngf6 11. Be2 a6 12. O-O O-O 13. Rfd1 Rc8 14. Bf1 {½-½ (32) Lalic,B (2425)-Willmoth,R (2152) London 2016}) 8... Qa5 9. g4 ({White should try} 9. Kb1 $14) 9... cxd4 10. Bxd4 Bxd4 11. Rxd4 Ngf6 12. h3 O-O (12... h5 $15) 13. Qd1 Rfc8 14. Kb1 b5 (14... Rc6 $11) 15. g5 ({But not} 15. Nxb5 $6 Ne5 $11) (15. cxb5 $16 Nc5 16. Rc4) 15... b4 $14 {[%mdl 64] [#] Discovered Attack} 16. Nd5 $1 {Accuracy: White = 58%, Black = 64%.} 1/2-1/2

[Event "WWRR Tienkampen 2020"]
[Site "Wachtebeke"]
[Date "2020.02.24"]
[Round "5.1"]
[White "Verduyn, Frederic"]
[Black "Roels, Frederik"]
[Result "1-0"]
[WhiteElo "2096"]
[BlackElo "1935"]
[Annotator "TA"]
[PlyCount "41"]
[EventDate "2020.02.22"]
[EventType "swiss"]
[EventCountry "BEL"]
[SourceTitle "playchess.com"]
[Source "ChessBase"]
[SourceQuality "1"]

{[%evp 9,41,47,58,69,45,23,39,-18,-33,-89,-74,-74,75,-23,310,276,276,277,462,429,367,283,577,531,775,754,773,763,913,903,853,788,1531,769]} 1. e4 c5 2. Nf3 d6 3. Bb5+ Nc6 4. O-O Bg4 5. h3 Bh5 6. Re1 {B51: Sicilian: Moscow Variation (3 Bb5+) without 3...Bd7.} e6 7. d3 {[#]} Nge7 $146 ({Predecessor:} 7... Rc8 8. c3 Nf6 9. Nbd2 Be7 10. Nf1 O-O 11. Ng3 Bg6 12. Nh4 d5 13. Nxg6 hxg6 {½-½ (81) Quintin Navarro,A (2357)-Ubilava,E (2498) Linares 2017}) 8. g4 (8. Bg5 $14) 8... Bg6 $11 9. b4 ({White should try} 9. c4 $15) 9... cxb4 $17 10. a3 {[%cal Ba2a3,Ba3b4,Bb4b5][%mdl 32]} Qb6 {[#]} (10... a6 $17 {stays on course.} 11. Bxc6+ Nxc6) 11. c4 ({White should play} 11. Ba4 $1 $16) 11... O-O-O $2 {[%mdl 8192] Loses the game.} (11... bxc3 $1 $11 {and Black stays safe.} 12. Nxc3 a6) 12. axb4 $18 d5 13. Be3 Qc7 $2 (13... d4) 14. Bxc6 Nxc6 15. b5 Na5 $2 {[#]} (15... d4) 16. cxd5 {White is clearly winning.} exd5 17. Qa4 b6 18. Rc1 Nc4 19. dxc4 dxe4 20. Qa6+ Kb8 21. Nd4 {Accuracy: White = 62%, Black = 26%.} 1-0